| 000 | 00499nam a22001577a 4500 | ||
|---|---|---|---|
| 003 | MACL | ||
| 005 | 20241019140158.0 | ||
| 008 | 241019b |||||||| |||| 00| 0 eng d | ||
| 040 | _cMACL | ||
| 082 |
_22nd _a350 _bpublic Administration |
||
| 100 |
_aLaxmikanth, M _92274 |
||
| 245 | _aPUBLIC ADMINISTRATION for civil services , state services, UGC net other competitive and university examinations | ||
| 260 |
_bMC Graw Hill _c2024 _aHyderabad |
||
| 650 | _aPublic Administration | ||
| 942 |
_2ddc _cBK |
||
| 999 |
_c67150 _d67150 |
||